|
|
|
|
| LEADER |
01361cam a2200289 a 4500 |
| 001 |
4278005 |
| 003 |
GR-PaULI |
| 005 |
20220516115301.0 |
| 008 |
850711r19911985enka b 001 0 eng |
| 952 |
|
|
|0 0
|1 0
|2 ddc
|4 0
|6 371_914000000000000_CHI
|7 0
|9 226681
|a PTDE
|b PTDE
|d 2018-10-12
|i 11880α
|l 0
|o 371.914 CHI
|p 025000211693
|r 2018-10-12 00:00:00
|t 1
|v 2018.00
|w 2018-10-12
|y BK15
|
| 952 |
|
|
|0 0
|1 0
|2 ddc
|4 0
|6 371_914000000000000_CHI
|7 0
|9 359908
|a PTDE
|b PTDE
|d 2022-05-16
|i 11880β
|l 0
|o 371.914 CHI
|p 025000212210
|r 2022-05-16 00:00:00
|t 2
|w 2022-05-16
|y BK15
|
| 999 |
|
|
|c 134687
|d 134687
|
| 020 |
|
|
|a 0700510079 (χαρτόδετο)
|
| 040 |
|
|
|a GR-PaULI
|c GR-PaULI
|b gre
|e AACR2
|
| 082 |
0 |
4 |
|a 371.914
|2 23
|
| 245 |
0 |
0 |
|a Children's written language difficulties :
|b assessment and management /
|c edited by Margaret J. Snowling.
|
| 250 |
|
|
|a repr. ed.
|
| 260 |
|
|
|a Windsor, Berkshire ;
|a Philadelphia, PA :
|b NFER-Nelson,
|c c1985, 1991.
|
| 300 |
|
|
|a 186 σ. :
|b εικ. ;
|c 23 εκ.
|
| 500 |
|
|
|a
|
| 504 |
|
|
|a Περιλαμβάνει βιβλιογραφία και ευρετήριο.
|
| 650 |
|
4 |
|a Μάθηση, Δυσκολίες της
|9 42978
|
| 650 |
|
4 |
|a Παιδιά με μαθησιακές δυσκολίες
|9 139021
|
| 650 |
|
4 |
|a Δυσλεξία
|9 41594
|
| 700 |
1 |
|
|a Snowling, Margaret J.
|9 169315
|e επιμελήτρια.
|
| 942 |
|
|
|2 ddc
|c BK15
|
| 998 |
|
|
|c ΤΣΕΝΕ
|d 2018-10
|